Guía de Paleobotánica (Registro nro. 220)

Detalles MARC
000 -CABECERA
Campo de control 00813nam a2200241 a 4500
005 - FECHA Y HORA DE LA ULTIMA TRANSACCION
Campo de control 20160106054538.0
008 - ELEMENTOS DE LONGITUD FIJA—INFORMACION GENERAL
Campo de control 140219b1989 ck ||||grabo 00| 0 spa d
040 ## - FUENTE DE CATALOGACIÓN
Agencia catalogadora original CO-BoIAVH
Agencia transcriptora CO-BoIAVH
041 0# - IDIOMA
Código de idioma para texto/pista de sonido o título separado Español
044 ## - PAÍS DE PUBLICACIÓN
País de publicación Colombia
082 04 - NUMERO DE CLASIFICACION DECIMAL DEWEY
Número de clasificación 561.1
Número del ítem W13g
100 1# - ASIENTO PRINCIPAL--NOMBRE PERSONAL
Nombre personal Wagner, Roberto
Término relacionado Autor
9 (RLIN) 6982
245 1# - MENCION DE TITULO
Título Guía de Paleobotánica
Mención de responsabilidad Jardín Botánico de Cordoba ; Autores Roberto Wagner & Carmen Alvarez-Vásquez
260 ## - PUBLICACION, DISTRIBUCION, ETC. (PIE DE IMPRENTA)
Lugar de publicación, distribución, etc. Córdoba :
Nombre del editor, distribuidor, etc. Jardín Botánico de Córdoba .
Fecha de publicación, distribución, etc. 1989.
300 ## - DESCRIPCION FISICA
Extensión 39 páginas :
Otros detalles físicos Ilustraciones, mapas, fotografías ;
Dimensiones 24 x 17 cm.
650 06 - ASIENTO SECUNDARIO DE MATERIA - TERMINO TEMATICO
Término temático o nombre geográfico como elemento de entrada Paleobotánica
9 (RLIN) 4317
650 06 - ASIENTO SECUNDARIO DE MATERIA - TERMINO TEMATICO
Término temático o nombre geográfico como elemento de entrada Métodos de campo
9 (RLIN) 3855
650 06 - ASIENTO SECUNDARIO DE MATERIA - TERMINO TEMATICO
Término temático o nombre geográfico como elemento de entrada Guías ambientales
9 (RLIN) 20406
650 06 - ASIENTO SECUNDARIO DE MATERIA - TERMINO TEMATICO
Término temático o nombre geográfico como elemento de entrada Fósiles
9 (RLIN) 46885
650 06 - ASIENTO SECUNDARIO DE MATERIA - TERMINO TEMATICO
Término temático o nombre geográfico como elemento de entrada Paleoambiente
9 (RLIN) 4314
700 ## - ASIENTO SECUNDARIO - NOMBRE PERSONAL
Nombre personal Alvarez- Vázquez, Carmen
9 (RLIN) 6985
942 ## - ELEMENTOS ADICIONALES (KOHA)
Tipo de ítem Libro
Sistema de clasificación Dewey Decimal Classification
Existencias
Withdrawn status Lost status Sistema de Clasificación Damaged status No para préstamo Colección Inventariado Ubicación Permanente Ubicación actual Fecha de adquisición Fuente de Valor Valor Total Checkouts Número topográfico Inventario / Código de Barras Date last seen Date checked out Ejemplar Price effective from Forma de adquisición Tipo de material
    Dewey Decimal Classification     General Inventariado 2017 Bogotá Bogotá 24/12/1997 Instituto 50000.00 1 LB-561.1 W13g 000278 02/05/2018 17/04/2018 Ej. 1 04/12/2012   Libro